000 00970nam a2200289 4500
003 EC-UNACH
006 s||||gr|||| 00| 00
008 150116t9999 mx r gr 000 0 spa d
020 _a968-880-677-3
040 _aEC-UNACH
_cEC-UNACH
041 _aspa
082 0 4 _223
_a152
_bL017431
100 _aMatlin, Margaret
245 _aSensación y Percepción
250 _aTercera Edición
264 _aMexico
_bPrentice Hall
_c1996
300 _a554 paginas
_bGráficos
_c23 cm.
505 _aMetodologías perceptuales.- El sistema visual.- Funciones visuales básicas.- El color.- El sistema auditivo.- Funciones auditivas básicas.- Movimiento.- Sentidos químicos: olfato y gusto.- Desarrollo perceptual
650 _aSISTEMA AUDITIVO
650 _aTACTO
650 _aLENGUAJE
700 _aMatlin, Margaret
942 _2ddc
_c1
999 _c14449